Комплексирование геофизических методов и физико-геологические модели: учебное пособие

Bibliographische Detailangaben
1. Verfasser: Вахромеев Г. С.
Körperschaft: Иркутский политехнический институт (ИрПИ)
Weitere Verfasser: Давыденко А. Ю.
Sprache:Russisch
Veröffentlicht: Иркутск, ИПИ, 1989
Schlagworte:
Format: Buch
KOHA link:https://koha.lib.tpu.ru/cgi-bin/koha/opac-detail.pl?biblionumber=203851

MARC

LEADER 00000nam0a2200000 4500
001 203851
005 20231031185923.0
020 |a RU  |b 91-25007 
035 |a (RuTPU)RU\TPU\book\222174 
090 |a 203851 
100 |a 20111112d1989 m a0rusy5003 ca 
101 0 |a rus 
102 |a RU 
105 |a y z 000zy 
200 1 |a Комплексирование геофизических методов и физико-геологические модели  |e учебное пособие  |f Г. С. Вахромеев, А. Ю. Давыденко  |g Иркутский политехнический институт (ИрПИ) 
210 |a Иркутск  |c ИПИ  |d 1989 
215 |a 87,[1] с.  |c ил.  |d 20 см 
320 |a Библиогр.: с. 86-87. (23 назв.) 
610 1 |a геофизические методы 
610 1 |a учебные пособия 
610 1 |a физико-геологические модели 
610 1 |a практическое использование 
675 |a 550.83(075.8)  |z rus 
700 1 |a Вахромеев  |b Г. С.  |4 070 
701 1 |a Давыденко  |b А. Ю.  |4 070 
712 0 2 |a Иркутский политехнический институт (ИрПИ)  |c (1960-1993)  |2 stltpush  |3 (RuTPU)RU\TPU\col\233 
801 0 |a RU  |b RuMRKP  |c 19950417  |g psbo 
801 1 |a RU  |b 63413507  |c 20111112 
801 2 |a RU  |b 63413507  |c 20111121  |g RCR 
942 |c BK